First Countries by mi² Threshold - Statistics

General Stats
  • This quiz has been taken 7 times
  • The average score is 6 of 12
Answer Stats
Threshold (mi²) Continent Area (mi²) Country % Correct
750,000 North America 758,449 Mexico
86%
5 Million Europe/Asia 6,601,670 Russia
86%
2 Million Oceania 2,969,907 Australia
71%
3 Million South America 3,287,956 Brazil
71%
1,25 Million Asia 1,269,219 India
71%
1 Million Asia 1,052,100 Kazakhstan
71%
500,000 Asia 603,910 Mongolia
57%
50,000 North America 50,337 Nicaragua
43%
20,000 Europe 21,851 Croatia
29%
5,000 Europe 5,333 Montenegro
29%
250,000 Asia 251,830 Afghanistan
14%
100,000 Africa 103,347 Gabon
14%
No matching quizzes found
Score Distribution
Percent of People with Each Score
Percentile by Number Answered
Your Score History
You have not taken this quiz